Jurnal sejarah Melaka (Record no. 150669)

MARC details
000 -LEADER
fixed length control field 00707nam a2200253 i 4500
001 - CONTROL NUMBER
control field C2-0231237
003 - CONTROL NUMBER IDENTIFIER
control field PPAK
005 - DATE AND TIME OF LATEST TRANSACTION
control field 20180728084328.0
008 - FIXED-LENGTH DATA ELEMENTS--GENERAL INFORMATION
fixed length control field 001115s1982 my a|||| ||||| | may d
022 ## - INTERNATIONAL STANDARD SERIAL NUMBER
International Standard Serial Number 0126-8988
040 ## - CATALOGING SOURCE
Original cataloging agency PPAK
Language of cataloging eng
Transcribing agency PPAK
Description conventions rda
082 04 - DEWEY DECIMAL CLASSIFICATION NUMBER
Classification number 959.5118
Edition number 23
090 00 - LOCALLY ASSIGNED LC-TYPE CALL NUMBER (OCLC); LOCAL CALL NUMBER (RLIN)
Classification number (OCLC) (R) ; Classification number, CALL (RLIN) (NR) 959.5118
Feature heading JUR
Feature heading KMI
Classification number (OCLC) (R) ; Classification number, CALL (RLIN) (NR) 959.5118
Feature heading JUR
Feature heading KSI
245 00 - TITLE STATEMENT
Title Jurnal sejarah Melaka
264 #1 - PRODUCTION, PUBLICATION, DISTRIBUTION, MANUFACTURE, AND COPYRIGHT NOTICE
Place of production, publication, distribution, manufacture Melaka :
Name of producer, publisher, distributor, manufacturer Persatuan Sejarah Malaysia Cawangan Melaka ,
Date of production, publication, distribution, manufacture, or copyright notice 1982
300 ## - PHYSICAL DESCRIPTION
Extent 103 pages :
Other physical details illustrations ;
Dimensions 26 cm
336 ## - CONTENT TYPE
Source rdacontent
Content type term text
337 ## - MEDIA TYPE
Source rdamedia
Media type term unmediated
338 ## - CARRIER TYPE
Source rdacarrier
Carrier type term volume
500 ## - GENERAL NOTE
General note Bil. 7, 1982
650 10 - SUBJECT ADDED ENTRY--TOPICAL TERM
Topical term or geographic name entry element History - Periodicals.
942 ## - ADDED ENTRY ELEMENTS (KOHA)
-- dc
Koha item type Book
Holdings
Withdrawn Not for loan Current library Shelving location Date acquired Full call number Barcode Date last seen Koha item type
  Not For Loan Perpustakaan Alor Setar Koleksi Prof. Dr. Muhammad Isa Othman 15/06/2011 KMI 959.5118 JUR A00385583 31/05/2018 Book
  Not For Loan Perpustakaan Alor Setar Koleksi Salleh Ibrahim 15/11/2000 KSI 959.5118 JUR A00210865 31/05/2018 Book